Online Catalogue and eLibrary

Sinhala puwathpath theru lipiye vikashanaya ha samanvedanaya (Record no. 1158)

MARC details
000 -LEADER
fixed length control field 00464nam a2200157Ia 4500
005 - DATE AND TIME OF LATEST TRANSACTION
control field 20250526022727.0
008 - FIXED-LENGTH DATA ELEMENTS--GENERAL INFORMATION
fixed length control field 240331s9999 xx 000 0 und d
020 ## - INTERNATIONAL STANDARD BOOK NUMBER
ISBN 9552008085
082 ## - DDC Classification
Class No. 302.232
Item Number - Author Mark NIM
100 ## - MAIN ENTRY--PERSONAL NAME
Personal name Nimalshantha, K
245 #0 - TITLE STATEMENT
Title Sinhala puwathpath theru lipiye vikashanaya ha samanvedanaya
260 ## - PUBLICATION, DISTRIBUTION, ETC.
Place of publication, distribution, etc. Colombo
Name of publisher, distributor, etc. S. Godage & brothers
Date of publication, distribution, etc. 1993
300 ## - PHYSICAL DESCRIPTION
Extent (e.g. Volumes, Pages etc.) 172 p .,
500 ## - GENERAL NOTE
General note Broadcasting and communication of Sinhala newspapers
942 ## - Koha item type (Biblio)
Koha item type Books in Stacks (Lending)
Holdings
Lost status Damaged status Collection code Home library Current library Shelving location Date acquired Full call number Accession Number Item type
    Lending WERC Library WERC Library Social Science Cupboard 03/31/2024 302.232 NIM 3056 Books in Stacks (Lending)

© WERC Library